Occupational hazard (Record no. 73811)

MARC details
000 -LEADER
fixed length control field 01232cam a2200229 4500
001 - CONTROL NUMBER
control field ABS67238
008 - FIXED-LENGTH DATA ELEMENTS--GENERAL INFORMATION
fixed length control field 031119n2003 000 0 eng u
035 ## - SYSTEM CONTROL NUMBER
System control number (Sirsi) u124374
100 ## - MAIN ENTRY--PERSONAL NAME
Personal name Murdoch, S.
245 ## - TITLE STATEMENT
Title Occupational hazard
260 ## - PUBLICATION, DISTRIBUTION, ETC.
Date of publication, distribution, etc. 2003
490 ## - SERIES STATEMENT
Series statement Estates Gazette
Volume/sequential designation (0345) 8 November 2003, 173(1)
520 ## - SUMMARY, ETC.
Summary, etc. The recent cases "Mean Fiddler Holdings Ltd v Islington LBC" highlight the complexities of obtaining compensation where difficult points of law and jurisdiction have to be addressed first. The first case ([2003] EWCA Civ 160, X122498) addressed the preliminary issue of whether the way in which M operated its business was a breach of its lease and should therefore be excluded when assessing compensation. In the second case (ACQ/29/2001, AbsƯ) LT held that it had the jurisdiction to refuse to allow raising of issues where this would amount to an abuse of process.
590 ## - LOCAL NOTE (RLIN)
Local note ABS
650 ## - SUBJECT ADDED ENTRY--TOPICAL TERM
Topical term or geographic name entry element MEAN FIDDLER HOLDINGS LTD V ISLINGTON LBC
650 ## - SUBJECT ADDED ENTRY--TOPICAL TERM
Topical term or geographic name entry element NIGHTCLUBS
650 ## - SUBJECT ADDED ENTRY--TOPICAL TERM
Topical term or geographic name entry element ALIENATION CLAUSES
650 ## - SUBJECT ADDED ENTRY--TOPICAL TERM
Topical term or geographic name entry element LEASES
650 ## - SUBJECT ADDED ENTRY--TOPICAL TERM
Topical term or geographic name entry element COMPULSORY PURCHASE ORDERS
690 ## - LOCAL SUBJECT ADDED ENTRY--TOPICAL TERM (OCLC, RLIN)
Topical term or geographic name as entry element ENVIRONMENTAL AND LAND CONSULTANCY-PLANNING AND DEVELOPMENT-COMPULSORY PURCHASE AND COMPENSATION
942 ## - ADDED ENTRY ELEMENTS (KOHA)
Suppress in OPAC 0
Holdings
Withdrawn status Lost status Source of classification or shelving scheme Damaged status Not for loan Home library Current library Shelving location Date acquired Total Checkouts Full call number Barcode Date last seen Copy number Price effective from Koha item type
    Dewey Decimal Classification     London London Journal article 19/11/2003   ABS67238 124374-1001 06/08/2019 1 06/08/2019 Journal article